000 00710nam a2200205 i 4500
001 124809
003 ES-MaACL
005 20251122063123.0
007 t|
008 070420s1942 sp ||||1| spa d
100 1 _aBosch Marín, Juan,
_d1902-1995
_930660
245 1 0 _aDerechos y deberes de las aseguradas /
_cpor Juan Bosch Marín.
250 _a2ª ed.
260 _aMadrid :
_b[s.n.],
_c1942 (
_fSobrinos Sucesores de Minuesa de los Ríos)
300 _a15 p. ;
_c20 cm.
490 1 _aPublicaciones del Instituto Nacional de Previsión ;
_v546
830 0 _aPublicaciones del Instituto Nacional de Previsión ;
_v546
_9181151
852 _aES-MaACL
_jC-12651(15)
999 _c124809
_d124809